000 00658nam a2200193Ia 4500
003 GCL
008 140319s9999 xx 000 0 ara d
040 _aGCL /
_cGCL
082 0 4 _a323.11567
_bص ا
100 1 _aصلاح بدرالدين
245 1 0 _aالاكراد شعبا وقضية /
_cصلاح بدرالدين
490 _aالمكتبة التقدمية الكردية
_v0
650 0 4 _aالاكراد
650 0 4 _aالاكراد، الاتحاد السوفيتى
650 0 4 _aالاكراد, القومية
650 0 4 _aالعالم العربى - الاكراد
650 0 4 _aالاكراد, العالم العربى
942 _2ddc
_cBK
999 _c48431
_d48431